Quizzes
Events
Quiz Creation
Community
Videos
Private Events
Remove Ads
Sign In
Join for FREE
Feedback
Dark Mode
Quiz Categories
Sports
Geography
Music
Movies
Television
Just For Fun
Miscellaneous
History
Literature
Language
Science
Gaming
Entertainment
Religion
Holiday
For Kids
Quiz Lab
Recent
Popular Today
Quiz Kudos Today
Editor Picks
Curator Picks
Quizzes by...
Day
Popularity
Type
Ratings
Length
Year
Community
Subscriptions
Recent Discussions
Orange Saloon
Badges
Playlists
Quests
Create
Leaderboards
Showdown
Live 5
Trivia Bingo
Activity
Puzzle Library
Sporcle Events
Private Events
Virtual Trivia
Globe League
Become a Host
Pub Owners
SporcleCon
Opinionation
Our Games
Videos
Blog
Mobile Apps
Partnerships
Remove Ads and Go Orange
Feedback
Gaming
Video Games
Board Games
Card Games
Pokémon
Mario
Nintendo
Minecraft
Console
Toys
Legend of Zelda
Gaming
Video Games
Board Games
Card Games
Pokémon
Mario
Nintendo
Minecraft
Console
Toys
Legend of Zelda
Random Quiz
Search Sporcle
×
Quiz Lab
Quiz Lab
Gaming
Pokémon
Type in answers that appear in a list
Type in answers that appear in a list
Classic
Best Score? Go Orange.
Selfdestructing Pokémon Stats
Can you name the Pokémon that can learn the move Selfdestruct?
By
GeneralSecura
20m
55 Questions
129 Plays
129 Plays
129 Plays
Comments
Comments
Give Quiz Kudos
Give Quiz Kudos
-
- Ratings
hide this ad
Replay
Link that replays current quiz
Next Quiz
Link to next quiz in quiz playlist
You Got
0%
They Got
Avg Score
68%
Avg Friend Score
Upgrade to see
Score Distribution
Jump to the score distribution portion of the page
Score
0/55
Timer
20:00
0
Plays Today
Pokémon
% Correct
Golem
96.9%
Geodude
96.1%
Graveler
96.1%
Voltorb
95.3%
Electrode
94.6%
Koffing
92.2%
Weezing
92.2%
Onix
84.5%
Mew
83.7%
Gengar
79.8%
Haunter
79.8%
Steelix
79.8%
Gastly
79.1%
Pineco
77.5%
Forretress
76.7%
Snorlax
76%
Muk
76%
Grimer
76%
Mewtwo
73.6%
Cloyster
69.8%
Shellder
69.8%
Regice
69%
Munchlax
68.2%
Registeel
68.2%
Regirock
68.2%
Metagross
66.7%
Metang
66.7%
Exeggutor
65.9%
Pokémon
% Correct
Baltoy
65.1%
Claydol
65.1%
Exeggcute
65.1%
Solrock
65.1%
Lunatone
65.1%
Sudowoodo
62.8%
Bonsly
60.5%
Gulpin
60.5%
Swalot
60.5%
Magcargo
58.9%
Slugma
58.9%
Seedot
57.4%
Qwilfish
56.6%
Shiftry
56.6%
Nuzleaf
56.6%
Garbodor
54.3%
Torkoal
54.3%
Camerupt
54.3%
Trubbish
53.5%
Nosepass
53.5%
Glalie
53.5%
Ferroseed
51.9%
Ferrothorn
51.9%
Genesect
51.2%
Wailord
49.6%
Wailmer
49.6%
Corsola
47.3%
Quiz Playlist
Details
Report
Send in Message
Add To Playlist
Classic:
Type in answers that appear in a list
Last Updated: Apr 19, 2017
Quiz Scoreboard
CHALLENGE
Sign Up to Join the Scoreboard
Show All
Scores
Hide
Comments
May contain spoilers
Recently Published
Alphabetical 'K' Countries by Flag Minefield
by ylime102
Geography
3m
Pick 6: Fruits
by JohnFran
Miscellaneous
15s
Click the 1999 NBA Draft
by nibperrychub
Sports
2m
More to Explore
Quiz From the Vault
Featured Blog Post
15 Basketball Trivia Facts You Can Be March Mad About
hide this ad
You Might Also Like...
Tags
Pokémon Quiz
Learn
Today's Top Quizzes in Gaming
Browse Gaming
hide this ad
Today's Top Quizzes in Pokémon
Browse Pokémon
Top Contributed Quizzes in Gaming
1
Pokémon Gen IV Logic Puzzle (HARD)
2
HARD Pokemon Logic Puzzle
3
Honkai: Star Rail Technique Names Quiz
4
Order Genshin Impact characters by release date!
5
Kingdom Hearts Logic Puzzle
6
Genshin Impact Logic Puzzle Quiz
7
Danganronpa 1 Logic Puzzle
8
Pokémon Logic Puzzle (DIFFICULT)
9
Danganronpa Sorting Blitz
10
Stardew Valley Logic Puzzle
Explore More
Trending Topics
Harry Potter
Disney
Crossword
Anime
Marvel
Kpop
NBA
WWE
Country
Song
The Office
NFL
Pokémon
Puzzle
Soccer
hide this ad
More By:
GeneralSecura
Quiz
Plays
Rating
Category
Featured
Created
Ben 10 Alien Species Match
5,941
4.71
Television
Feb 4, 2013
Marvel VS Capcom Characters
4,332
4.73
Gaming
Aug 22, 2011
Pokémon Characters
2,641
4.25
Gaming
Sep 30, 2013
Pokémon of Gym Leaders (Stadium Edition)
2,071
4.71
Gaming
Nov 1, 2011
Name that Digimon
1,804
3.00
Gaming
Mar 19, 2019
Go to Creator's Profile
Score Distribution
Quiz Creator Spotlight
GeneralSecura
Follow
Send a Message
Quizzes Created
-
Created Quiz Play Count
-
More By This Creator
Popular Quizzes Today
1
Find the US States - No Outlines Minefield
2
Countries of Asia Without Outlines Minefield
3
Pick 6: Fruits
4
Alphabetical 'K' Countries by Flag Minefield
5
The Countries of the World
6
Find the US States
7
Match the Book to the Film X
8
Click the 1999 NBA Draft
More Gaming Quizzes
Video Games by Mouse Pad
Published
Trending Quizzes
Pick 6: Harry Potter
Pick 6: Mountains
Pick 6: NFL Teams
Pick 6: Movie Franchises
Pick 6: Golfers
Recently Updated
NWSL Teams
pecheneg
Women's Final Four Teams by Year
bhenderson79
Presidents Quartet II
eogle
Anything But Clue(do)
eogle
Anything But Oceanian Capitals
eogle
Anything But 7
eogle
Anything But Thing
eogle
Word Ladder: February 29
pecheneg
Song Title Questions
pecheneg
Women's NCAA Tournament #1 Seeds
pecheneg
Trending Topics
Anime
Marvel
Harry Potter
Disney
Crossword
Kpop
NBA
Country
The Office
Soccer
WWE
Puzzle
NFL
Pokémon
Song
Your Account Isn't Verified!
In order to create a playlist on Sporcle, you need to verify the email address you used during registration. Go to your
Sporcle Settings
to finish the process.
Report this User
Report this user for behavior that violates our
Community Guidelines
.
Details:
Send Report
Go to the Sporcle.com Mobile Site →
Comments